|
|
|
|
| LEADER |
00000nab a2200000uu 4500 |
| 001 |
vtls011502053 |
| 003 |
SK-MaSNL |
| 005 |
20260303133845.0 |
| 008 |
230218|2012 xo |||||||||||||||||eng| |
| 015 |
|
|
|a SNBRB
|
| 035 |
|
|
|a (urnnbn)urn:nbn:sk:snk:ar-a0ah41
|
| 035 |
|
|
|a (uuid)16658d4a-9598-432c-b440-2558e05060ca
|
| 035 |
|
|
|a urn:nbn:sk:snk-abdw95
|
| 040 |
|
|
|a SNKBUCL
|b slo
|c SNKBUCL
|e AACR2
|
| 041 |
0 |
|
|a eng
|
| 044 |
|
|
|a xo
|c SK
|
| 100 |
1 |
|
|a Mészáros, István
|4 aut
|9 557162
|
| 245 |
1 |
0 |
|a A NOVEL VSM MAGNETOMETER AND ITS APPLICATION TO DETECT INDUCED MAGNETIC ANISOTROPY
|c István Mészáros
|
| 773 |
0 |
|
|t Journal of electrical engineering
|g Roč. 63, č. 7s (2012), s. [35]-38
|
| 958 |
|
|
|a OND
|
| 958 |
|
|
|a EUIPO
|
| 958 |
|
|
|a article20
|
| 999 |
|
|
|c 1959094
|d 1961024
|